00542 2200205 4500001002100000005001700021008004100038035002400079040001200103082001000115090001700125100002600142245005300168250001200221260003300233300002500266650001800291850001200309990001500321YOGYA-0209000004831420090227031930.0 ind  0010-020900000048314 aYOPDYOG a495.6 a495.6bSim B aSIMANJUNTAK, Herpinus aBahasa Jepang untuk pemulacHerpinus Simanjuntak aCet.xii aJakartabKesaint Blancc1992 a124 hlmbilusc20 cm aBahasa Jepang aYOPDYOG a93P0036778